Turbinas de Vapor y de gas de las centrales Nucleoeléctricas
| Main Author: | |
|---|---|
| Format: | Section = Libro |
| Language: | Undetermined Spanish |
| Published: |
Moscú
Mir Moscú
1987
|
| Subjects: |
| LEADER | 00557nam a2200181Ia 4500 | ||
|---|---|---|---|
| 008 | 240829s9999 xx 000 0 und d | ||
| 040 | |a BIBLIOTECA-RUPAP 621.433 T864 | ||
| 041 | |a spa | ||
| 082 | |a 621.433 T864 | ||
| 100 | 1 | |a Troyanovski, B.M. | |
| 245 | 1 | 0 | |a Turbinas de Vapor y de gas de las centrales Nucleoeléctricas |
| 260 | |a Moscú |b Mir Moscú |c 1987 | ||
| 300 | |a 382 p. :il. | ||
| 650 | 7 | |a TURBINAS DE VAPOR | |
| 650 | 7 | |b TURBINAS DE GAS. I. Filippov, G.A., coaut. II. Bulkin, A.E., coaut. III. Tít. | |
| 942 | |c BK |2 ddc | ||
| 991 | |a TEXTO | ||
| 999 | |c 9462 | ||